Datum a čas kvízu
36.5
Celkem bodů
Celkový počet nahraných bodů na tomto kvízu bez doplňovacích otázek.
2.
Pořadí na kvízu
Konečné umístění týmu na tomto kvízu.
Zaznamenané odpovědi
| # | Otázka | Odpověď | Body | Výsledky |
|---|---|---|---|---|
| 1. | Minulý týden jsme se dozvěděli... | v Havlíčkově Brodě | 1 | |
| 2. | Někdo chodí do školy pěšky, ně... | D) na praseti | 0 | |
| 3. | V areálu pražského Výstaviště... | Alanis Morissette, Rag'n'Bone Man | 0 | |
| 4. | Bývalý brazilský pilot, který... | Emerson Fittipaldi, Targa Florio | 0.5 | |
| 5. | Ve středu začala skupinová fáz... | Brno | 1 | |
| 6. | Začneme politikou. Republikáns... | Agrární strana, agrárníci | 1 | |
| 7. | V letech 1918–1928 bylo Českos... | Užhorod | 1 | |
| 8. | Na fotce vidíme jeden z rekons... | Aero | 0 | |
| 9. | Zde vidíme portrét módní návrh... | Hana Podolská | 0 | |
| 10. | Věra Menčíková se narodila v r... | D) šachům | 0 |